[Event "Berlin-ch"]
[Site "Berlin"]
[Date "2025.04.27"]
[Round "9"]
[White "Noeldner, Julian"]
[Black "Heerde, Thomas"]
[Result "1-0"]
[WhiteElo "2279"]
[BlackElo "1983"]
[PlyCount "37"]
[EventDate "2025.04.19"]
[EventType "swiss"]
[EventRounds "9"]
[EventCountry "GER"]
[SourceTitle "CB18_2025"]
[SourceDate "2025.04.30"]
[SourceVersion "1"]
[SourceVersionDate "2025.04.30"]
[SourceQuality "1"]

1. e4 c5 2. Nf3 g6 3. c4 Bg7 4. d4 d6 5. Nc3 Qa5 6. h3 Nf6 7. Bd3 Nc6 8. Be3 Nd7 9. Be2 e5 10. dxc5 dxc5 11. 0-0 Nd4 12. Nd5 0-0 13. b4 Nxe2+ 14. Qxe2 cxb4 15. Bd2 Rd8 16. a3 Qa4 17. axb4 Qb3 18. Rfb1 Qc2 19. Ne1 1-0

[Event "Berlin-ch"]
[Site "Berlin"]
[Date "2025.04.25"]
[Round "7"]
[White "Noeldner, Julian"]
[Black "Berger, Steve"]
[Result "0-1"]
[WhiteElo "2279"]
[BlackElo "2425"]
[PlyCount "156"]
[EventDate "2025.04.19"]
[EventType "swiss"]
[EventRounds "9"]
[EventCountry "GER"]
[SourceTitle "CB18_2025"]
[SourceDate "2025.04.30"]
[SourceVersion "1"]
[SourceVersionDate "2025.04.30"]
[SourceQuality "1"]

1. e4 e6 2. d4 d5 3. exd5 exd5 4. Nf3 Nf6 5. Bd3 c5 6. c3 Bd6 7. dxc5 Bxc5 8. 0-0 0-0 9. Bf4 Nc6 10. Nbd2 h6 11. h3 Nh5 12. Bh2 Qf6 13. Nb3 Bb6 14. Nfd4 Nf4 15. Bxf4 Qxf4 16. Qf3 Qg5 17. Qg3 Qxg3 18. fxg3 Re8 19. Rfe1 Bd7 20. Kf1 g6 21. Nf3 Kg7 22. Nbd4 Kf6 23. g4 Bc7 24. Rxe8 Rxe8 25. Re1 Rh8 26. Kf2 Nd8 27. Bb5 Bc8 28. Nc2 Ne6 29. Nb4 Rd8 30. Rd1 Bb6+ 31. Kf1 Nc7 32. Ba4 a5 33. Nc2 Na6 34. Bb5 Nc5 35. Ncd4 Ne4 36. Bd3 h5 37. gxh5 Ng3+ 38. Kf2 Nxh5 39. Re1 Bc7 40. Ne2 g5 41. g4 Nf4 42. Nxf4 Bxf4 43. Nd4 Rh8 44. Kg2 Bd7 45. Bb5 Be6 46. Ba4 Rd8 47. Bb3 Ke7 48. Nf5+ Kd7 49. Rd1 Kc6 50. Nd4+ Kc5 51. Re1 Rd6 52. a4 Rb6 53. Kf3 Bc7 54. Nb5 Bd8 55. Bc2 Bd7 56. Bd3 Rf6+ 57. Kg2 Rf4 58. b3 Bf6 59. Rf1 Rxf1 60. Kxf1 d4 61. cxd4+ Bxd4 62. Bc4 f6 63. Ke2 Bc6 64. Kd3 Be5 65. Nc3 Bxc3 66. Kxc3 Bg2 67. Be6 Bxh3 68. Kd3 Bg2 69. Kc3 b6 70. Bc8 Bf3 71. Bf5 Bd1 72. Bc8 Kd5 73. Bd7 Kd6 74. Bc8 Ke5 75. Bd7 Kf4 76. b4 Bxg4 77. Be8 axb4+ 78. Kxb4 Be2 0-1

[Event "Berlin-ch"]
[Site "Berlin"]
[Date "2025.04.24"]
[Round "6"]
[White "Pererva, Viktor"]
[Black "Noeldner, Julian"]
[Result "0-1"]
[WhiteElo "2017"]
[BlackElo "2279"]
[PlyCount "70"]
[EventDate "2025.04.19"]
[EventType "swiss"]
[EventRounds "9"]
[EventCountry "GER"]
[SourceTitle "CB18_2025"]
[SourceDate "2025.04.30"]
[SourceVersion "1"]
[SourceVersionDate "2025.04.30"]
[SourceQuality "1"]

1. c4 c5 2. g3 g6 3. Bg2 Bg7 4. Nc3 Nc6 5. Nf3 e6 6. d4 Nxd4 7. Nxd4 cxd4 8. Ne4 d5 9. Qa4+ Kf8 10. Qa3+ Qe7 11. Nd6 Be5 12. c5 h5 13. 0-0 h4 14. h3 hxg3 15. fxg3 f5 16. e4 dxe3 17. Bxe3 Nf6 18. Bg5 Bd4+ 19. Kh1 Rh5 20. Be3 Bxe3 21. Qxe3 Kg8 22. Rad1 Bd7 23. b4 a6 24. Qe5 Bc6 25. a4 Ng4 26. Qd4 Qh7 27. Kg1 Rxh3 28. Bxh3 Qxh3 29. Rd2 e5 30. Qb2 d4 31. Qb3+ Kg7 32. Rf3 Bxf3 33. Qxf3 e4 34. Qb3 Ne5 35. Rf2 Rh8 0-1

[Event "Berlin-ch"]
[Site "Berlin"]
[Date "2025.04.22"]
[Round "4"]
[White "Noeldner, Julian"]
[Black "Krefenstein, Sergej"]
[Result "1/2-1/2"]
[WhiteElo "2279"]
[BlackElo "2014"]
[PlyCount "94"]
[EventDate "2025.04.19"]
[EventType "swiss"]
[EventRounds "9"]
[EventCountry "GER"]
[SourceTitle "CB18_2025"]
[SourceDate "2025.04.30"]
[SourceVersion "1"]
[SourceVersionDate "2025.04.30"]
[SourceQuality "1"]

1. e4 e6 2. d4 d5 3. e5 c5 4. c3 Qb6 5. Nf3 Nc6 6. a3 a5 7. Bd3 Bd7 8. Bc2 Nh6 9. 0-0 cxd4 10. cxd4 Nf5 11. Bxf5 exf5 12. Nc3 Be6 13. Qd3 Be7 14. Rd1 h6 15. h4 Qa6 16. Nb5 0-0 17. Bf4 a4 18. Nd6 Qxd3 19. Rxd3 Na5 20. Rc1 Nc4 21. Rc2 Bxd6 22. exd6 Rfd8 23. Nd2 Rac8 24. Nxc4 Rxc4 25. Rxc4 dxc4 26. Re3 Kf8 27. Kf1 Re8 28. Re5 Bd7 29. Rc5 Re4 30. Rc7 Ke8 31. Rxb7 Bc6 32. Rc7 Rxf4 33. Rxc6 Rxd4 34. g3 Kd7 35. Ra6 f4 36. Ke2 fxg3 37. fxg3 Rd3 38. Rxa4 Rxg3 39. Rxc4 Rg2+ 40. Kf1 Rxb2 41. Rc7+ Ke6 42. Re7+ Kf6 43. Re8 Rd2 44. Rd8 Ke6 45. Re8+ Kf6 46. Rd8 Ke6 47. Re8+ Kf6 1/2-1/2

[Event "Berlin-ch"]
[Site "Berlin"]
[Date "2025.04.21"]
[Round "3"]
[White "Polzin, Rainer"]
[Black "Noeldner, Julian"]
[Result "1-0"]
[WhiteElo "2401"]
[BlackElo "2279"]
[PlyCount "73"]
[EventDate "2025.04.19"]
[EventType "swiss"]
[EventRounds "9"]
[EventCountry "GER"]
[SourceTitle "CB18_2025"]
[SourceDate "2025.04.30"]
[SourceVersion "1"]
[SourceVersionDate "2025.04.30"]
[SourceQuality "1"]

1. e4 c5 2. Nc3 Nc6 3. Bb5 Nd4 4. Nf3 a6 5. Bd3 g6 6. 0-0 Bg7 7. Re1 e6 8. a3 Nc6 9. Bf1 Nge7 10. b4 d6 11. bxc5 dxc5 12. e5 Qc7 13. Bb2 0-0 14. Ne4 Nxe5 15. Nxe5 Bxe5 16. Nf6+ Bxf6 17. Bxf6 Nd5 18. Be5 Qe7 19. c4 Nc7 20. Qb3 f6 21. Bc3 Qd6 22. d4 cxd4 23. Rad1 Qc6 24. Bb4 Qb6 25. c5 Qc6 26. Rxd4 Nd5 27. Bc4 a5 28. Rxd5 axb4 29. axb4 Ra3 30. Qxa3 exd5 31. b5 Qd7 32. Rd1 Re8 33. h3 Re5 34. Rxd5 Rxd5 35. Qd3 Kg7 36. Qxd5 Qe7 37. Qg8+ 1-0

[Event "Berlin Federation IM"]
[Site "Berlin"]
[Date "2025.02.26"]
[Round "4"]
[White "Jakubowski, Krzysztof"]
[Black "Noeldner, Julian"]
[Result "1/2-1/2"]
[WhiteElo "2449"]
[BlackElo "2233"]
[PlyCount "106"]
[EventDate "2025.02.24"]
[EventType "tourn"]
[EventRounds "9"]
[EventCountry "GER"]
[EventCategory "3"]
[SourceTitle "CB10_2025"]
[SourceDate "2025.03.05"]
[SourceVersion "1"]
[SourceVersionDate "2025.03.05"]
[SourceQuality "1"]

1. c4 g6 2. e4 e5 3. Nc3 Bg7 4. h4 h5 5. d3 Ne7 6. Bg5 c6 7. Be2 d6 8. Qd2 a6 9. b4 Be6 10. Nf3 Bg4 11. a4 Nd7 12. a5 Nf8 13. Ng1 Bxe2 14. Ngxe2 Ne6 15. Na4 Qc7 16. Rc1 f6 17. Be3 f5 18. Nb6 Rd8 19. Nd5 Qd7 20. Nb6 Qc7 21. f3 0-0 22. 0-0 Kh7 23. d4 fxe4 24. fxe4 exd4 25. Nxd4 Nxd4 26. Bxd4 Nc8 27. Rxf8 Bxd4+ 28. Qxd4 Rxf8 29. Nxc8 Rxc8 30. Rd1 Re8 31. Qxd6 Qxd6 32. Rxd6 Rxe4 33. Rd7+ Kh6 34. Rxb7 Rxc4 35. g3 g5 36. Rb6 gxh4 37. gxh4 Kg7 38. Kf2 c5 39. bxc5 Rxc5 40. Rxa6 Rc4 41. Kg3 Rc3+ 42. Kf4 Rc4+ 43. Kf5 Rxh4 44. Ra7+ Kh6 45. Ra6+ Kg7 46. Ra7+ Kh6 47. Ra8 Ra4 48. Kf6 Kh7 49. a6 h4 50. Ra7+ Kh6 51. Ra8 Kh7 52. Ra7+ Kh6 53. Ra8 Kh7 1/2-1/2

[Event "Krefeld Christmas op"]
[Site "Krefeld"]
[Date "2024.12.30"]
[Round "6"]
[White "Valenta, Richard"]
[Black "Noeldner, Julian"]
[Result "0-1"]
[WhiteElo "1948"]
[BlackElo "2247"]
[PlyCount "86"]
[EventDate "2024.12.27"]
[EventType "swiss"]
[EventRounds "7"]
[EventCountry "GER"]
[SourceTitle "CB01_2025"]
[SourceDate "2025.01.01"]
[SourceVersion "1"]
[SourceVersionDate "2025.01.01"]
[SourceQuality "1"]

1. d4 Nf6 2. Nf3 g6 3. Bf4 Bg7 4. e3 d6 5. h3 0-0 6. Bd3 Nc6 7. 0-0 Nd7 8. Bb5 a6 9. Bxc6 bxc6 10. Nbd2 c5 11. c3 Rb8 12. Qc2 cxd4 13. cxd4 c5 14. Bg3 Bb7 15. Rab1 Qb6 16. dxc5 Nxc5 17. b3 Rfc8 18. Nc4 Qa7 19. Nfd2 Ba8 20. f3 a5 21. Kh1 Na6 22. Qd1 Nb4 23. a3 Nd5 24. Qe1 a4 25. bxa4 Rxb1 26. Qxb1 Nc3 27. Qd3 Bb7 28. e4 Ba6 29. e5 Nxa4 30. exd6 Nb2 31. Qe3 Qxe3 32. Nxe3 Bxf1 33. Ndxf1 exd6 34. Bxd6 Bf8 35. Be5 Nd3 36. Bd4 Rd8 37. Bc3 Bxa3 38. Ng4 Bb2 39. Ba5 Ra8 40. Bd2 Bd4 41. Be3 Bxe3 42. Nfxe3 Kg7 43. Kh2 h5 0-1

[Event "Krefeld Christmas op"]
[Site "Krefeld"]
[Date "2024.12.29"]
[Round "5"]
[White "Schlaebitz, Joel"]
[Black "Noeldner, Julian"]
[Result "1/2-1/2"]
[WhiteElo "1916"]
[BlackElo "2247"]
[PlyCount "125"]
[EventDate "2024.12.27"]
[EventType "swiss"]
[EventRounds "7"]
[EventCountry "GER"]
[SourceTitle "CB01_2025"]
[SourceDate "2025.01.01"]
[SourceVersion "1"]
[SourceVersionDate "2025.01.01"]
[SourceQuality "1"]

1. e4 c5 2. Nc3 Nc6 3. Bc4 e6 4. a3 Nf6 5. d3 a6 6. Bg5 Be7 7. f4 h6 8. Bh4 Nxe4 9. Bxe7 Nxc3 10. Bxd8 Nxd1 11. Bb6 Ne3 12. Kd2 Nxg2 13. Ne2 Nh4 14. Bxc5 b5 15. Ba2 Bb7 16. Rhf1 Ne7 17. Nd4 Rc8 18. b4 Nef5 19. Nxf5 Nxf5 20. a4 d6 21. Bf2 g5 22. axb5 axb5 23. Bb3 Ra8 24. Rxa8+ Bxa8 25. Ra1 Ke7 26. Ra7+ Kf6 27. fxg5+ hxg5 28. Bg1 Bh1 29. c4 Nh4 30. Bd4+ e5 31. Bf2 Nf3+ 32. Kc3 Rxh2 33. cxb5 d5 34. Bxd5 Nd4 35. Bxd4 Bxd5 36. Bc5 Rh8 37. Bd6 Ke6 38. Bc7 Ra8 39. Ra6+ Kf5 40. Rd6 Bg2 41. b6 Ra1 42. b5 Rc1+ 43. Kb2 Rc5 44. Bd8 Rxb5+ 45. Kc3 Bd5 46. Rf6+ Kg4 47. Bc7 Be6 48. Rxe6 fxe6 49. Kc4 Rb1 50. Kc5 Kf5 51. Kc6 e4 52. dxe4+ Kxe4 53. b7 Rxb7 54. Kxb7 Kd5 55. Kb6 e5 56. Kb5 g4 57. Kb4 Kd4 58. Kb3 e4 59. Kc2 Ke3 60. Kd1 Kf2 61. Ba5 e3 62. Be1+ Kf1 63. Bh4 1/2-1/2

[Event "Krefeld Christmas op"]
[Site "Krefeld"]
[Date "2024.12.28"]
[Round "3"]
[White "Biessner, Eberhard"]
[Black "Noeldner, Julian"]
[Result "0-1"]
[WhiteElo "1777"]
[BlackElo "2247"]
[PlyCount "90"]
[EventDate "2024.12.27"]
[EventType "swiss"]
[EventRounds "7"]
[EventCountry "GER"]
[SourceTitle "CB01_2025"]
[SourceDate "2025.01.01"]
[SourceVersion "1"]
[SourceVersionDate "2025.01.01"]
[SourceQuality "1"]

1. Nf3 Nf6 2. Nc3 d5 3. d4 g6 4. Bf4 Bg7 5. e3 0-0 6. Bd3 c5 7. dxc5 Nbd7 8. 0-0 Nxc5 9. h3 b6 10. Re1 Bb7 11. Rb1 Nfd7 12. Bb5 a6 13. Be2 e6 14. Bg3 Bxc3 15. bxc3 Ne4 16. Qd4 Nxg3 17. fxg3 Qc7 18. Qh4 Qxc3 19. Bd3 Kg7 20. Qe7 Rad8 21. Nd4 Kg8 22. Rf1 Qc7 23. Rf2 Rde8 24. Qh4 Kg7 25. Rbf1 Qe5 26. Qf4 f6 27. Rb1 Qxf4 28. gxf4 e5 29. fxe5 fxe5 30. Rxf8 Kxf8 31. Nb3 Rc8 32. Rb2 Ke7 33. Na5 Ba8 34. Bxa6 Rc3 35. Nb3 Rxe3 36. Bb5 d4 37. Kf2 Rc3 38. g3 Rf3+ 39. Ke2 Rxg3 40. Nd2 Nc5 41. Nc4 Rxh3 42. Nxb6 Bf3+ 43. Ke1 Ne4 44. Bf1 Rh1 45. c4 d3 0-1

[Event "Krefeld Christmas op"]
[Site "Krefeld"]
[Date "2024.12.27"]
[Round "1"]
[White "Noeldner, Julian"]
[Black "Buss, Moritz Wilfried"]
[Result "0-1"]
[WhiteElo "2247"]
[BlackElo "1819"]
[PlyCount "98"]
[EventDate "2024.12.27"]
[EventType "swiss"]
[EventRounds "7"]
[EventCountry "GER"]
[SourceTitle "CB01_2025"]
[SourceDate "2025.01.01"]
[SourceVersion "1"]
[SourceVersionDate "2025.01.01"]
[SourceQuality "1"]

1. g3 d5 2. Nf3 c5 3. Bg2 Nf6 4. 0-0 Nc6 5. d4 e6 6. b3 Be7 7. Bb2 0-0 8. dxc5 Bxc5 9. c4 dxc4 10. Qc2 Be7 11. Qxc4 Nd7 12. Nc3 Bf6 13. Rac1 Qe7 14. Rfd1 Nb6 15. Qf4 e5 16. Qe4 Be6 17. Nb5 Rfd8 18. Ba3 Rxd1+ 19. Rxd1 Rd8 20. Bxe7 Rxd1+ 21. Bf1 Bh3 22. Nd2 Nxe7 23. Qc2 Re1 24. Nd6 Ned5 25. N6e4 Be7 26. f3 Bxf1 27. Kf2 Rxe2+ 28. Kg1 Bh3 29. Qd3 Re1+ 30. Kf2 Rh1 31. Qb5 Bd7 32. Qd3 Rxh2+ 33. Kg1 Rh6 34. Nc4 Bf5 35. Nxe5 Bxe4 36. fxe4 Nf6 37. a4 Rh5 38. Nf3 Rc5 39. Kg2 g6 40. b4 Rc8 41. a5 Nc4 42. e5 Ng4 43. Qd7 Nce3+ 44. Kh3 Rc1 45. Qe8+ Bf8 46. Kh4 h6 47. Ng5 Rh1+ 48. Nh3 g5+ 49. Kh5 Rxh3# 0-1

[Event "Dortmund Sparkassen op-A 51st"]
[Site "Dortmund"]
[Date "2024.08.18"]
[Round "9"]
[White "Noeldner, Julian"]
[Black "Samadov, Read"]
[Result "0-1"]
[WhiteElo "2189"]
[BlackElo "2509"]
[PlyCount "64"]
[EventDate "2024.08.10"]
[EventType "swiss"]
[EventRounds "9"]
[EventCountry "GER"]
[SourceTitle "CBM 221 Extra"]
[Source "ChessBase"]
[SourceDate "2024.09.30"]
[SourceVersion "1"]
[SourceVersionDate "2024.09.30"]
[SourceQuality "1"]

1. e4 c5 2. Nf3 e6 3. c3 Nf6 4. e5 Nd5 5. g3 Nc6 6. Bg2 d6 7. exd6 Bxd6 8. d4 0-0 9. 0-0 h6 10. Re1 a6 11. dxc5 Bxc5 12. Nbd2 b5 13. Nb3 Bb6 14. a4 Rb8 15. axb5 axb5 16. Nbd4 Nxd4 17. Nxd4 Qf6 18. Bxd5 exd5 19. Bf4 Rb7 20. Ra8 b4 21. Be5 Qg6 22. cxb4 Re7 23. Nc2 Rfe8 24. Bc3 Rxe1+ 25. Bxe1 d4 26. Ra3 Bf5 27. Na1 Bh3 28. Bd2 Qe4 29. f3 d3+ 30. Kh1 Qe2 31. Qxe2 Rxe2 32. Rxd3 Bg2# 0-1

[Event "Dortmund Sparkassen op-A 51st"]
[Site "Dortmund"]
[Date "2024.08.14"]
[Round "5"]
[White "Noeldner, Julian"]
[Black "Bashirov, Kemal"]
[Result "0-1"]
[WhiteElo "2189"]
[BlackElo "2339"]
[PlyCount "126"]
[EventDate "2024.08.10"]
[EventType "swiss"]
[EventRounds "9"]
[EventCountry "GER"]
[SourceTitle "CBM 221 Extra"]
[Source "ChessBase"]
[SourceDate "2024.09.30"]
[SourceVersion "1"]
[SourceVersionDate "2024.09.30"]
[SourceQuality "1"]

1. c4 e6 2. g3 Nf6 3. Bg2 d5 4. Nf3 d4 5. 0-0 Be7 6. b4 0-0 7. Bb2 c5 8. d3 Nbd7 9. Nbd2 e5 10. bxc5 Bxc5 11. Ng5 Be7 12. Rb1 a5 13. Nge4 Nxe4 14. Nxe4 f5 15. Nd2 Nf6 16. Ba1 Qc7 17. Rb5 Rb8 18. Qb3 a4 19. Qb1 b6 20. Qc2 Bd7 21. Rbb1 Bc5 22. Rbe1 Rbe8 23. e3 dxe3 24. fxe3 f4 25. d4 fxe3 26. dxc5 exd2 27. Qxd2 Qxc5+ 28. Kh1 Bc6 29. Bxc6 Qxc6+ 30. Qg2 Qxg2+ 31. Kxg2 Nd7 32. Rd1 Rxf1 33. Kxf1 Re7 34. Rd6 Kf7 35. Ke2 Ke8 36. Bc3 Kd8 37. Rc6 Rf7 38. Bd2 h6 39. Rd6 Rf6 40. Rd5 Kc7 41. Be3 Rc6 42. Kd3 Rf6 43. Rb5 Rf1 44. Rb4 Rh1 45. h4 Rh3 46. Bf2 Rh2 47. Ke2 Nc5 48. Rb5 Ne4 49. Rxe5 Rxf2+ 50. Ke3 Nf6 51. Re7+ Kd6 52. Rxg7 Rxa2 53. Rg6 Ke5 54. Kd3 Rg2 55. Rxh6 Rxg3+ 56. Kc2 a3 57. Rh8 Rg8 58. Rxg8 Nxg8 59. Kb3 Kd4 60. Kxa3 Kxc4 61. h5 Nh6 62. Ka2 b5 63. Kb2 Kb4 0-1

[Event "GER-chT U20"]
[Site "Muenster"]
[Date "2022.12.28"]
[Round "4"]
[White "Biermann, Lenhard"]
[Black "Noeldner, Julian"]
[Result "1/2-1/2"]
[WhiteElo "2086"]
[BlackElo "2065"]
[PlyCount "139"]
[EventDate "2022.12.26"]
[EventType "team-swiss"]
[EventRounds "7"]
[EventCountry "GER"]
[SourceTitle "CBM 212 Extra"]
[Source "ChessBase"]
[SourceDate "2023.03.31"]
[SourceVersion "1"]
[SourceVersionDate "2023.03.31"]
[SourceQuality "1"]
[WhiteTeam "Bochum SG"]
[BlackTeam "Barnim Schachfreunde"]
[WhiteTeamCountry "GER"]
[BlackTeamCountry "GER"]

1. d4 Nf6 2. Nf3 g6 3. g3 Bg7 4. Bg2 d5 5. 0-0 0-0 6. c4 c6 7. b3 Ne4 8. Bb2 a5 9. Nc3 Bf5 10. Ne5 Nxc3 11. Bxc3 Be6 12. Nd3 dxc4 13. Nc5 Bc8 14. bxc4 Nd7 15. Na4 Nb6 16. Nxb6 Qxb6 17. Rb1 Qa6 18. Qb3 Rb8 19. d5 Bxc3 20. Qxc3 Bd7 21. Qe5 cxd5 22. cxd5 Bb5 23. Rfe1 Rfe8 24. d6 Bc6 25. Bxc6 Qxc6 26. dxe7 Qd7 27. Qxa5 Ra8 28. Qb5 Qxe7 29. Rb2 Qe6 30. Rc1 Red8 31. Qxb7 Rxa2 32. Rxa2 Qxa2 33. Rc8 Rxc8 34. Qxc8+ Kg7 35. Qe8 Qb1+ 36. Kg2 Qb7+ 37. f3 h5 38. Qe5+ Kg8 39. Kf2 Qb1 40. Kg2 Qb7 41. Qd4 Qb1 42. Qe3 Qf5 43. Qe8+ Kg7 44. h3 Qf6 45. Qe4 Qd6 46. f4 Qd7 47. Qf3 Qd2 48. Kf2 Qd4+ 49. Qe3 Qd7 50. Kg2 Qd5+ 51. Qf3 Qd2 52. g4 hxg4 53. hxg4 Qe1 54. Qf2 Qd2 55. e4 Qd1 56. Qf3 Qd2+ 57. Kh3 g5 58. fxg5 Qxg5 59. Qc3+ Kg8 60. Qc8+ Kg7 61. Qf5 Qc1 62. g5 Qh1+ 63. Kg3 Qg1+ 64. Kf3 Qf1+ 65. Ke3 Qe1+ 66. Kd4 Qd2+ 67. Kc5 Qa5+ 68. Kd4 Qd2+ 69. Kc5 Qa5+ 70. Kd4 1/2-1/2

[Event "Berlin Lichtenrade op 15th"]
[Site "Berlin"]
[Date "2019.10.16"]
[Round "5"]
[White "Noeldner, Julian"]
[Black "Kovalev, Andrei"]
[Result "0-1"]
[WhiteElo "2051"]
[BlackElo "2511"]
[PlyCount "68"]
[EventDate "2019.10.12"]
[EventType "swiss"]
[EventRounds "9"]
[EventCountry "GER"]
[SourceTitle "CBM 192 Extra"]
[Source "Chessbase"]
[SourceDate "2019.11.06"]
[SourceVersion "1"]
[SourceVersionDate "2019.11.06"]
[SourceQuality "1"]

1. e4 c5 2. Nf3 d6 3. d4 Nf6 4. Nc3 cxd4 5. Nxd4 Nc6 6. Bg5 a6 7. Bxf6 gxf6 8. Bc4 e6 9. 0-0 Rg8 10. Bxe6 fxe6 11. Qh5+ Rg6 12. Nxc6 bxc6 13. f4 Ke7 14. e5 Rh6 15. exf6+ Rxf6 16. Qxh7+ Rf7 17. Qh5 Bg7 18. Ne4 Qh8 19. Qa5 Bd4+ 20. Kh1 Rh7 21. Qg5+ Kd7 22. Qg3 Bb7 23. h3 c5 24. Ng5 Rg8 25. Rf3 Bf6 26. Rd1 Bxf3 27. Qxf3 Bxg5 28. fxg5 Kc7 29. Qd3 Rd7 30. Qxa6 Qxb2 31. Rd3 Rxg5 32. Qa5+ Qb6 33. Qa8 Rd8 34. Qa4 Rdg8 0-1

[Event "Berlin Lichtenrade op 15th"]
[Site "Berlin"]
[Date "2019.10.15"]
[Round "4"]
[White "Grassi, Fabrizio"]
[Black "Noeldner, Julian"]
[Result "0-1"]
[WhiteElo "1863"]
[BlackElo "2051"]
[PlyCount "68"]
[EventDate "2019.10.12"]
[EventType "swiss"]
[EventRounds "9"]
[EventCountry "GER"]
[SourceTitle "CBM 195 Extra"]
[Source "ChessBase"]
[SourceDate "2020.05.31"]
[SourceVersion "1"]
[SourceVersionDate "2020.05.31"]
[SourceQuality "1"]

1. d4 Nf6 2. Bf4 g6 3. e3 Bg7 4. Nf3 0-0 5. Be2 d6 6. 0-0 Nh5 7. Bg5 h6 8. Bh4 g5 9. Nfd2 gxh4 10. Bxh5 e5 11. c3 Nd7 12. a4 a5 13. Na3 h3 14. g3 Qe7 15. Nc2 e4 16. f3 exf3 17. Bxf3 f5 18. Bd5+ Kh7 19. Qe2 Nf6 20. Bf3 Bd7 21. Qd3 Rae8 22. b3 Ne4 23. b4 b5 24. axb5 axb4 25. cxb4 Bxb5 26. Qxb5 Nxd2 27. Rf2 Nxf3+ 28. Rxf3 Qe4 29. Rf2 c5 30. bxc5 dxc5 31. Ra7 Rb8 32. Qf1 Rb2 33. Ne1 Qxe3 34. Kh1 Rxf2 0-1

[Event "Berlin Lichtenrade op 14th"]
[Site "Berlin"]
[Date "2018.10.31"]
[Round "5"]
[White "Noeldner, Julian"]
[Black "Bekasovs, Rihards"]
[Result "1/2-1/2"]
[WhiteElo "2024"]
[BlackElo "2182"]
[PlyCount "61"]
[EventDate "2018.10.27"]
[EventType "swiss"]
[EventRounds "9"]
[EventCountry "GER"]
[SourceTitle "CBM 187 Extra"]
[Source "ChessBase"]
[SourceDate "2018.11.04"]
[SourceVersion "1"]
[SourceVersionDate "2018.11.04"]
[SourceQuality "1"]

1. e4 e6 2. d4 d5 3. exd5 exd5 4. Nf3 Bd6 5. c4 dxc4 6. Bxc4 Qe7+ 7. Be3 Nf6 8. 0-0 0-0 9. Re1 Bg4 10. Nc3 Nbd7 11. Nb5 Nb6 12. Bb3 Qd7 13. Nxd6 Qxd6 14. h3 Bxf3 15. Qxf3 Nbd5 16. Bg5 c6 17. Rad1 Rfe8 18. Rxe8+ Rxe8 19. Bxf6 Nxf6 20. d5 cxd5 21. Bxd5 Nxd5 22. Qxd5 Qc7 23. Qd6 Qxd6 24. Rxd6 Kf8 25. Rd7 Re7 26. Rd8+ Re8 27. Rd7 Re7 28. Rd8+ Re8 29. Rd7 Re7 30. Rd8+ Re8 31. Rd7 1/2-1/2

[Event "Youth District Germany"]
[Site "Wuerzburg"]
[Date "2018.10.05"]
[Round "4.3"]
[White "Wong, Gengchun"]
[Black "Noeldner, Julian"]
[Result "1-0"]
[WhiteElo "2194"]
[BlackElo "2024"]
[PlyCount "117"]
[EventDate "2018.10.02"]
[EventType "team-swiss"]
[EventRounds "7"]
[EventCountry "GER"]
[SourceTitle "CBM 186 Extra"]
[Source "ChessBase"]
[SourceDate "2018.08.24"]
[SourceVersion "1"]
[SourceVersionDate "2018.08.24"]
[SourceQuality "1"]
[WhiteTeam "Sachsen U20"]
[BlackTeam "Berlin U20"]
[WhiteTeamCountry "GER"]
[BlackTeamCountry "GER"]

1. Nf3 d5 2. c4 e6 3. g3 Nf6 4. Bg2 Be7 5. 0-0 0-0 6. d4 dxc4 7. Qc2 a6 8. Qxc4 b5 9. Qc2 Bb7 10. Bd2 Be4 11. Qc1 c6 12. Be3 Nbd7 13. Rd1 Rc8 14. Nc3 Bg6 15. Nh4 Bh5 16. Qd2 Nd5 17. Nf3 Qb6 18. a3 Rfd8 19. b4 Nxe3 20. Qxe3 a5 21. Rab1 Nf6 22. Qd2 Bxf3 23. Bxf3 axb4 24. axb4 e5 25. d5 cxd5 26. Nxd5 Nxd5 27. Bxd5 Rc7 28. Qa2 Bf8 29. Qb2 Bd6 30. e4 Rdc8 31. Rd2 Kf8 32. Kg2 Ra7 33. Qb3 Ra4 34. Qf3 Rc7 35. Qf5 Bxb4 36. Rdb2 Bc5 37. Rxb5 Qf6 38. Qxf6 gxf6 39. Rc1 Bb6 40. Rxc7 Bxc7 41. Rb7 Bd8 42. Rxf7+ Ke8 43. Rxh7 Rd4 44. h4 Rd2 45. Rb7 f5 46. Bc6+ Kf8 47. exf5 Rd6 48. Be4 Rd4 49. Kf3 Rd2 50. Rb5 Bf6 51. Rc5 Ra2 52. Rc2 Ra4 53. Re2 Kg7 54. Kg4 Kh6 55. f3 Ra7 56. Rb2 Rg7+ 57. Kh3 Kh5 58. g4+ Kh6 59. Rb6 1-0